| 000 | 01384cam a2200349 a 4500 | ||
|---|---|---|---|
| 001 | 15585878 | ||
| 005 | 20090319122618.0 | ||
| 008 | 090113s2007 enka b 001 0 eng | ||
| 010 | _a2009286020 | ||
| 015 |
_aGBA708511 _2bnb |
||
| 016 | 7 |
_a013655991 _2Uk |
|
| 020 | _a9781403943071 (pbk.) | ||
| 020 | _a1403943079 (pbk.) | ||
| 035 | _a(OCoLC)ocm81453279 | ||
| 040 |
_aUKM _cUKM _dYDXCP _dBAKER _dBTCTA _dHKP _dOCLCG _dBWX _dCDX _dIXA _dDLC |
||
| 042 |
_aukscp _alccopycat |
||
| 050 | 0 | 0 |
_aHM1116 _b.M55 2007 |
| 082 | 0 | 4 |
_a361.1 _222 _bMIL |
| 100 | 1 |
_aMilner, Judith, _d1941- _94929 |
|
| 245 | 1 | 0 |
_aWorking with Violence : _bPolicies and Practices in Risk Assessment and Management / _cJudith Milner and Steve Myers. |
| 260 |
_aBasingstoke : _bPalgrave Macmillan, _cc2007. |
||
| 300 |
_ax, 211 p. ; _c22 cm. |
||
| 504 | _aIncludes bibliography (p.179-201) and indexes. | ||
| 650 | 0 |
_aRisk assessment. _94930 |
|
| 650 | 0 |
_aSocial service _xPractice. _94931 |
|
| 650 | 0 |
_aViolence _xForecasting. _94932 |
|
| 650 | 0 |
_aViolence _xPrevention. _94933 |
|
| 700 | 1 |
_aMyers, Steve _q(John Stephen), _d1959-. _94934 |
|
| 942 |
_2ddc _cBB |
||
| 999 |
_c11572 _d11572 |
||